| 000 | 04921ncm0a22004811 4500 | ||
|---|---|---|---|
| 001 | RU\NLR\ONIZ\198419 | ||
| 005 | 20250624194809.0 | ||
| 035 | _aRU\NLR\ONIZ\NATA\5000006009\20140619142432 | ||
| 035 | _a(NLR Aleph) 010889029 | ||
| 071 | 2 | 0 | _aс 2711 к |
| 090 |
_a10541850 _c10541850 |
||
| 100 | _a20140619d1999 |||y0rusy50 ca | ||
| 101 | 0 |
_aeng _arus |
|
| 102 | _aRU | ||
| 125 | _aax | ||
| 145 | 0 | _ac | |
| 200 | 1 |
_aИз Ветхого Завета _bНоты _dFrom The Old Testament _fС. Слонимский _zeng |
|
| 208 |
_aПартитура _dScore |
||
| 210 |
_aСанкт-Петербург _cКомпозитор - Санкт-Петербург _dcop. 1999 |
||
| 215 |
_a75 с. _d29 см |
||
| 313 | _aСистематизация документа проведена по изданию - Методика классифицирования музыкальных произведений (нотных изданий) по таблицам Библиотечно-библиографических классификаций : метод. рекомендации / Гос. б-ка СССР им. В.И. Ленина.- М., 1977. Индексу ББК методических рекомендаций присваивается код ББК для научных библиотек - LBC/SL | ||
| 327 | 1 |
_aПсалмы Давида : монологи : для высокого голоса, гобоя, валторны и арфы : 1968 (1. Разговор с душой : "Как лань стремится к потокам вод..." ; _a2. Господи, не в гневе твоем...) / композиция текстов Я. Друскина ; _aПеснь песней Соломона : лир. фрагмент : для сопрано, тенора, камер. хора, гобоя, валторны и арфы : 1975 / пер. И. Дьяконова |
|
| 464 | 0 |
_12001#$aГосподи, не в гневе твоем... _1215##$aС.12-48 _tГосподи, не в гневе твоем... |
|
| 464 | 0 |
_12001#$aПеснь песней Соломона$eлир. фрагмент$eдля сопрано, тенора, камер. хора, гобоя, валторны и арфы$e1975$fпер. И. Дьяконова _1215##$aС.49-75 _1600#0$aСоломон$fцарствовал в 965-928 до н. э.$cцарь евр.$xМузыкальные интерпретации$xНоты$2nlr_sh$7ba _1605##$aБиблия. Персонажи$xМузыкальные интерпретации$xНоты$2nlr_sh _1686##$aЩ963(2Р=Р)ПНн$vLBC/SL$2rubbk _1702#1$9z01790$aДьяконов$bИ. М.$gИгорь Михайлович$f1914-1999$4730 _1790#1$9z01702$aD`yakonov$bI. M.$gIgor Mixajlovich$f1914-1999$4730 _tПеснь песней Соломона |
|
| 464 | 0 |
_12001#$aПсалмы Давида$eмонологи$eдля высокого голоса, гобоя, валторны и арфы$e1968$fкомпозиция текстов Я. Друскина _1205##$aФакс. изд. _1215##$aС.1-48 _1600#0$aДавид$fок. 1005-965 до н. э.$cцарь Израиля$xМузыкальные интерпретации$2nlr_sh$7ba _1605##$aБиблия. Персонажи$xМузыкальные интерпретации$xНоты$2nlr_sh _1608##$aВокальный цикл$xНоты$yРоссия$z20-21 вв.$2nlr_sh _1686##$aЩ943.1-2-043.2(2Р=Р)ПНн$vLBC/SL$2rubbk _1702#1$9z01790$aДрускин$bЯ. С.$gЯков Семёнович$f1901-1980$4220$4520 _1790#1$9z01702$aDruskin$bY. S.$gYakov Semyonovich$f1901-1980$4220$4520 _tПсалмы Давида |
|
| 464 | 0 |
_12001#$aРазговор с душой$e"Как лань стремится к потокам вод..." _1215##$aС.1-11 _tРазговор с душой |
|
| 605 |
_aБиблия _xМузыкальные интерпретации _xНоты _iВетхий Завет _iПеснь песней _2nlr_sh |
||
| 605 |
_aБиблия _xМузыкальные интерпретации _xНоты _iВетхий Завет _iПсалтырь _2nlr_sh |
||
| 605 |
_aБиблия _xПерсонажи _2nlr_sh1 |
||
| 605 |
_aБиблия. Ветхий Завет _xМузыкальные интерпретации _xНоты _2nlr_sh |
||
| 606 | 1 |
_aВокально-симфоническая музыка _xПартитуры _yРоссия _z20 век _2nlr_sh |
|
| 686 |
_aЩ94-2я44(2Р=Р)ПНн _vLBC/SL _2rubbk |
||
| 686 |
_aЩ96я44(2Р=Р)ПНн _vLBC/SL _2rubbk |
||
| 700 | 1 |
_4230 _7ca _8rus _aСлонимский _bС. М. _f1932-2020 _gСергей Михайлович _9269629 _3RU\NLR\AUTH\770269685 |
|
| 790 | 1 |
_9z01700 _aSlonimskij _bS. M. _f1932- _gSergej Mihajlovich _4230 |
|
| 801 | 0 |
_aRU _bNLR _c20140619 _gPSBO |
|
| 801 | 1 |
_aRU _bNLR _c20140619 _2rusmarc |
|
| 801 | 2 |
_aRU _bNLR _c20151109 |
|
| 852 |
_aNLR _bМ _jК-3/26336 _p278835 _t1 |
||
| 942 | _cSCORE | ||
| 980 | _aNB | ||
| 980 | _aONIZ | ||